000
00320nam a2200133Ia 4500
008
220216s9999 xx 000 0 und d
100
_a
Barncastle L A
245
0
_a
Lacquers and finishes for rubber
260
_b
IRI Transactions
_c
1946
300
_a
30-40
650
_a
Lacquers
700
_a
Bowden E F
942
_c
JS
999
_c
61925
_d
61925